00539nam a2200157 a 450000100100000000500170001000800410002704000250006808200150009324500440010826000700015230000200022204900090024295201130025199900170036400002902520200930055301.0110413s199? dr 000 0 spa d aDO-SdBNPbspacBNPHU axxxxbC39700aCentro de enseñanza "El Buen Pastor". aSanto Domingo :bCentro de enseñanza "El Buen Pastor",c[199?]. a16 p. ;c23 cm. aBNPD 0010718PDaPDbPDcCTd2011-04-13iLF1l0oxxxx C397p29025-10r2020-06-25w2020-06-25yLFPDZNo se presta c28517d28517